Particulars and conditions of sale of the renowned freehold residence for many years occupied by Charles Dickens and by him named 'Bleak House'...for sale by auction by Messrs. Cockett, Henderson and Co., on Monday June 30th 1919... (Record no. 116484)
[ view plain ]
| 000 -LEADER | |
|---|---|
| fixed length control field | 00899cam a22002055a 4500 |
| 001 - CONTROL NUMBER | |
| control field | L140790 |
| 008 - FIXED-LENGTH DATA ELEMENTS--GENERAL INFORMATION | |
| fixed length control field | 071011s1919 xxk eng u |
| 035 ## - SYSTEM CONTROL NUMBER | |
| System control number | (Sirsi) u140790 |
| 041 0# - LANGUAGE CODE | |
| Language code of text/sound track or separate title | eng |
| 110 2# - MAIN ENTRY--CORPORATE NAME | |
| Corporate name or jurisdiction name as entry element | Cockett, Henderson and Co. |
| 9 (RLIN) | 5381 |
| 245 00 - TITLE STATEMENT | |
| Title | Particulars and conditions of sale of the renowned freehold residence for many years occupied by Charles Dickens and by him named 'Bleak House'...for sale by auction by Messrs. Cockett, Henderson and Co., on Monday June 30th 1919... |
| 260 ## - PUBLICATION, DISTRIBUTION, ETC. | |
| Place of publication, distribution, etc. | S.l. |
| Name of publisher, distributor, etc. | s.n. |
| Date of publication, distribution, etc. | [1919] |
| Place of manufacture | (Broadstairs |
| Manufacturer | Goodall) |
| 300 ## - PHYSICAL DESCRIPTION | |
| Extent | [9] p. |
| Other physical details | ill., col., map |
| Dimensions | 28 cm. + |
| Accompanying material | 1 sheet (22 x 7 cm.) |
| 340 ## - PHYSICAL MEDIUM | |
| Material base and configuration | Printed |
| 351 ## - ORGANIZATION AND ARRANGEMENT OF MATERIALS | |
| Organization | Single item |
| 500 ## - GENERAL NOTE | |
| General note | Item is accompanied by a press clipping dated 4 October 1913 mentioning 'Bleak House' |
| 651 4# - SUBJECT ADDED ENTRY--GEOGRAPHIC NAME | |
| Geographic name | Kent |
| 690 ## - LOCAL SUBJECT ADDED ENTRY--TOPICAL TERM (OCLC, RLIN) | |
| Topical term or geographic name as entry element | PROPERTY-PROPERTY ACQUISITION AND DISPOSAL-ACQUISITION AND DISPOSAL AT AUCTION |
| 942 ## - ADDED ENTRY ELEMENTS (KOHA) | |
| Suppress in OPAC | 0 |
| Withdrawn status | Lost status | Source of classification or shelving scheme | Damaged status | Not for loan | Home library | Current library | Shelving location | Date acquired | Total Checkouts | Full call number | Barcode | Date last seen | Copy number | Price effective from | Koha item type |
|---|---|---|---|---|---|---|---|---|---|---|---|---|---|---|---|
| Dewey Decimal Classification | London | London | Basement | 11/10/2007 | BASEMENT BOX 1 | 30013160 | 06/08/2019 | 1 | 06/08/2019 | Archive |